1320 1937 1715 1690 1891 1173 1337 1913 1545 1250 1267 1157 1451 1798 1702 1454 1458 1181 1367 1185 1405 1631 1980 1307 1016 1704 1505 1364 1493 1407 1904 1217 1253 1535 1269 1879 1078 1418 1052 1584 1282 1353 1148 1743 1880 1836 1012 1145 1452 1886 1401 1397 1273 1538 1539 1396 1409 1608 1467 1199 1501 1130 1088 1779 1956 1263 1428 1837 1474 1027 1496 1835 1172 1463 1793 1987 1697 1808 1392 1326 1251 1705 1249 1381 1916 1737 1832 1317 1013 1645 1442 1101 1749 1925 1496 1489 1841 1427 1736 BCNSPRNW ULIB Ver.6.0+V

เปลี่ยนเป็นภาษาไทย

Change to English
 แสดงรายละเอียดบรรณานุกรม
  กลับหน้าหลัก

Brief Record : Get Marc (ISO 2709) : E-mail record : QR code < ปิดหน้าต่าง
LEADER : 00000nam 2200000uu 4500
001    13399124533
003     ULIB
008    150827s2004||||th 000 0 tha d
020    ^a0781757673 (hardcover) ^c^57.95
020    ^a9780781757676 (hardcover)
060  4 WY86^bM519t
100 1  ^aFAAN, Afaf Ibrahim Meleis PhD
245 10 ^aTheoretical nursing, revised reprint : ^bdevelopment and progress / ^cAfaf Ibrahim Meleis PhD FAAN.
250    ^aThird ed.
260    ^a[S.l.] : ^bLippincott Williams & Wilkins, ^c2004.
300    ^a752 p. ; ^c23 cm.
520    ^aThis text provides a comprehensive developmental and historical review of nursing theory. The book offers a contemporary analysis of the evolution of nursing and represents the degree to which many scholars view the focus and mission of nursing as a discipline through the development of its theoretical base. This revised reprint of the Third Edition has updated material in the chapter on Analysis of Theoretical Writing in Nursing. The chapter on Metatheory and Theory Bibliography has been updated and expanded. Tables and figures have been added to enhance visual understanding of concepts.
945    ^p0^l0^i016901
999    ^aเกษร โพธิ์สุวรรณ
รายการนี้ยังไม่มีแท็ก
คุณยังไม่ได้ล็อกอิน คุณสามารถมีกิจกรรมร่วมกับเว็บไซต์ได้ แต่ต้องล็อกอินก่อน ::
  ล็อกอิน

รายการสื่อสารสนเทศ

ลำดับที่ ประเภท เลขเรียก/บาร์โค้ด สถานที่ สถานะ
1. Book การพยาบาล
Book การพยาบาล
WY86 M519t ฉ.1 
  Barcode: 016901
ห้องสมุดวิทยาเขตสวรรค์ประชารักษ์
►หนังสือทั่วไป
บนชั้น

BibComment


ยังไม่เคยถูกคอมเมนท์

คอมเมนท์ทรัพยากรรายการนี้
  คอมเมนท์: Theoretical nurs..


 Copyright 2026. Bcnsprnw @Library